000 01370cam a2200409 4500
999 _c24131
_d24131
001 vtls012261220
005 20260107135539.0
008 240725s2024 xo e 000 f slo d
020 _a9788055193557
_q(viazané)
040 _aSNK
_bslo
_cSNK
_erda
041 1 _aslo
_hswe
044 _axo
_cSK
072 7 _a821.11
_xGermánske literatúry
_2konspekt
080 _a821.113.6-31
_22011
080 _a(0:82-312.4)
_22011
100 1 _aBörjlind, Cilla,
_d1961-
_4aut
_92384
240 1 0 _aNattens öga
_lSlovensky
245 1 0 _aOko noci
_cCilla a Rolf Börjlindovci ; preložila Mária Bratová
264 1 _aBratislava
_bIkar
_c2024
300 _a310 strán
_c24 cm
336 _atext
_btxt
_2rdacontent
337 _abez média
_bn
_2rdamedia
338 _azväzok
_bnc
_2rdacarrier
500 _aObsahuje krátke biografické údaje o autoroch na záložke prebalu publikácie
500 _aPreložené zo švédčiny
655 7 _ašvédske romány
_2SNKPH
_91715
655 7 _adetektívne romány
_2SNKPH
_91710
655 7 _aSwedish fiction
_2SNKPHeng
_91716
655 7 _aDetective novels
_2SNKPHeng
_91711
700 1 _aBörjlind, Rolf,
_d1943-
_4aut
_92385
700 1 _aBratová, Mária,
_d1958-
_4trl
_92014
700 1 _aKřižka, Emil,
_d1973-
_4bjd
_95383
958 _aLX
958 _aUP
958 _aPM